000 01028nas a2200325 4500
001 BR0902658
003 BR-BrBNA
005 20231205113352.0
007 ta
008 230509b bl.|||p| |||| 00| 00por d
040 _aBR-BrBNA
_bpor
_cBiblioteca Nacional de Agricultura
041 _a(Pt)
072 _aP06; P01
110 1 _aEmpresa Brasileira de Pesquisa Agropecuária, Rio de Janeiro, RJ (Brasil)
245 1 _aMitigação das emissões de gases de efeito estufa; Uso de etanol da cana-de-açúcar produzido no Brasil
650 _aCANA DE AÇÚCAR
650 _aETANOL
650 _aPESQUISA
650 _aGÁS
650 _aMEIO AMBIENTE
650 _aIMPACTO AMBIENTAL
650 _aRECURSO ENERGÉTICO
650 _aPOLÍTICA AMBIENTAL
650 _aRECURSO NATURAL
650 _aDADOS ESTATÍSTICOS
650 _aRIO DE JANEIRO
773 0 _tAgroanalysis (Brazil)
_xISSN 0100-4298
_g(Apr 2009), v. 29(4) p. 21-33
_wBR0902658
909 _a202311
_bLúcia
_c55
_dLúcia Elande
942 _2AGRIS
_n0
_cANA
999 _c203403
_d203403